书目信息 |
| 题名: |
英语
|
|
| 作者: | 广东省中小学教材编写组 编 | |
| 分册: | 高中一年级第一学期 | |
| 出版信息: | 广州 广东人民出版社 1973 |
|
| 页数: | 50页 | |
| 开本: | 20cm | |
| 丛书名: | ||
| 单 册: | ||
| 中图分类: | G633.4 | |
| 科图分类: | ||
| 主题词: | 教育--各级 | |
| 电子资源: | ||
| ISBN: | ||
| 000 | 00662nam0 2200205 450 | |
| 001 | 0637718719 | |
| 005 | 20060912103008.42 | |
| 010 | @dCNY0.12 | |
| 100 | @a20060912d1973 km y0chiy0120 ea | |
| 101 | 0 | @achi |
| 102 | @aCN@b440000 | |
| 200 | 1 | @a英语@h高中一年级第一学期@Aying yu@f广东省中小学教材编写组编@Fguang dong sheng zhong xiao xue jiao cai bian xie zu bian |
| 210 | @a广州@c广东人民出版社@d1973 | |
| 215 | @a50页@d20cm | |
| 300 | @a广东省中学试用课本 | |
| 606 | 0 | @a教育@x各级 |
| 690 | @aG633.4@v3 | |
| 701 | 0 | @a广东省中小学教材编写组@Aguang dong sheng zhong xiao xue jiao cai bian xie zu@4编 |
| 801 | 0 | @aCN@bPFT@c20060912 |
| 905 | @a10447@dG633.4@e141 | |
| 英语.高中一年级第一学期/广东省中小学教材编写组编.-广州:广东人民出版社,1973 |
| 50页;20cm |
| 广东省中学试用课本 |
| ISBN :CNY0.12 |
| ● |
| 相关链接 |
|
|
|
|
正题名:英语
索取号:G633.4/141
 
预约/预借
| 序号 | 登录号 | 条形码 | 馆藏地/架位号 | 状态 | 备注 |
| 1 | 0472250 | 204722504 | 密集书库/ [索取号:G633.4/141] | 在馆 |